| 000 | 00652nam a2200205 4500 | ||
|---|---|---|---|
| 001 | 145185 | ||
| 003 | ES-MaACL | ||
| 005 | 20230906201159.0 | ||
| 007 | t| | ||
| 008 | 070214s1969 sp r ||||1| spa d | ||
| 100 | 1 |
_aSoustelle, Jacques. _9107584 |
|
| 245 | 1 | 4 |
_aLos cuatro soles _b: origen y ocaso de las culturas / _cJacques Soustelle ; traducción de M. Victoria Catalina. |
| 260 |
_aMadrid : _bGuadarrama, _c1969. |
||
| 300 |
_a272 p., 16 lám. ; _c18 cm + _e1 map. |
||
| 490 | 1 | _aPunto omega | |
| 700 | 0 |
_aCatalina, María Victoria. _937036 |
|
| 830 | 0 |
_aPunto omega _9180707 |
|
| 852 |
_aES-MaACL _jC-40604 _bR.71157 |
||
| 999 |
_c145185 _d145185 |
||